| 000 | 01091nam a2200349 i 4500 | ||
|---|---|---|---|
| 001 | 000010707 | ||
| 003 | DO-SdBNP | ||
| 005 | 20250509170321.0 | ||
| 007 | ta | ||
| 008 | 091009s2000 dr 000 0 spa d | ||
| 020 | _a848953991X | ||
| 040 |
_aDO-SdBNP _bspa _cBNPHU _erda |
||
| 049 | _aBNPD | ||
| 082 | 4 |
_a370.1 _bM826i 2000 _222 |
|
| 100 | 1 |
_aMoquete de la Rosa, Jacobo, _91678 _eautor |
|
| 245 | 1 | 0 |
_aIntroducción a la educación / _cJacobo Moquete de la Rosa. |
| 264 | 1 |
_aSanto Domingo : _bDe Colores, _c2000. |
|
| 300 |
_a419 páginas ; _c23 cm. |
||
| 336 |
_2rdacontent _atexto _btxt |
||
| 337 |
_2rdamedia _asin mediación _bn |
||
| 338 |
_2rdacarrier _avolumen _bnc |
||
| 490 | 1 |
_aUniversidad Autónoma de Santo Domingo _v248 |
|
| 490 | 1 |
_aEducación y Sociedad _v8 |
|
| 500 | _aIncluye datos biográficos del autor en la contracubierta | ||
| 504 | _aBibliografías : p. 413 -419 | ||
| 590 | _aInventariado, 2023/BT | ||
| 650 | 0 |
_aEducación _951588 |
|
| 650 | 0 |
_aPedagogía _9693 |
|
| 650 | 0 |
_aEducación _xFilosofía _93186 |
|
| 910 | _aBtavárez | ||
| 942 |
_2ddc _cLBS1 |
||
| 999 |
_c10462 _d10462 |
||